书目信息 |
| 题名: |
模具设计指导
|
|
| 作者: | 史铁梁 主编 | |
| 分册: | ||
| 出版信息: | 北京 机械工业出版社 2003 |
|
| 页数: | 261页 | |
| 开本: | 26cm | |
| 丛书名: | ||
| 单 册: | ||
| 中图分类: | TG760.2 | |
| 科图分类: | ||
| 主题词: | 模具--设计--高等教育--教材 , 模具 | |
| 电子资源: | ||
| ISBN: | 7-111-12633-5 | |
| 000 | 00831nam0 2200265 450 | |
| 001 | 002478722 | |
| 005 | 20100713023702.0 | |
| 010 | @a7-111-12633-5@dCNY24.00 | |
| 011 | @a7-111-12633-5 | |
| 100 | @a20031020d2003 em y0chiy0120 ea | |
| 101 | 0 | @achi |
| 102 | @aCN@b110000 | |
| 105 | @ay z 000yy | |
| 106 | @ar | |
| 200 | 1 | @a模具设计指导@9Mo;Mu Ju She Ji Zhi Dao @f史铁梁主编 |
| 210 | @a北京@c机械工业出版社@d2003 | |
| 215 | @a261页@d26cm | |
| 300 | @a高职高专机电类规划教材 | |
| 330 | @a本书重点对设计常见冷冲模和塑料模所必需的一般设计资料以及最新冷冲模、塑料模、常用模具钢、标准件国家标准进行全面、系统的介绍。 | |
| 606 | 0 | @a模具@x设计@x高等教育@j教材 |
| 606 | 0 | @a模具 |
| 690 | @aTG760.2@v4 | |
| 701 | 0 | @a史铁梁@9shi tie liang@4主编 |
| 801 | 0 | @aCN@b91MARC@c20130904 |
| 905 | @aBZT@dTG760.2@e1@f1@sTG760.2/1 | |
| 模具设计指导/史铁梁主编.-北京:机械工业出版社,2003 |
| 261页;26cm |
| 高职高专机电类规划教材 |
| ISBN 7-111-12633-5:CNY24.00 |
| 本书重点对设计常见冷冲模和塑料模所必需的一般设计资料以及最新冷冲模、塑料模、常用模具钢、标准件国家标准进行全面、系统的介绍。 |
| ● |
| 相关链接 |
|
|
|
正题名:模具设计指导
索取号:TG760.2/1
 
预约/预借
| 序号 | 登录号 | 条形码 | 馆藏地/架位号 | 状态 | 备注 |